000 00369pab a2200157 454500
008 180718b1999 xxu||||| |||| 00| 0 eng d
100 _aSinha, Jitendra Kumar
245 _aPanchayati raj: need for caution
260 _c1999
300 _ap.22-25
362 _aJul
650 _aPanchayat - India
650 _aPanchayat
773 _aKurukshetra
909 _a41502
999 _c41502
_d41502